1533 1408 1156 1385 1700 1327 1839 1265 1104 1439 1425 1065 1629 1447 1922 1811 1608 1931 1916 1589 1559 1070 1651 1715 1516 1872 1179 1336 1588 1814 1388 1964 1843 1760 1209 1373 1264 1165 1780 1671 1034 1237 1479 1021 1356 1575 1459 1740 1431 1059 1849 1408 1876 1028 1454 1951 1241 1702 1761 1786 1558 1862 1899 1318 1101 1970 1809 1062 1953 1340 1790 1896 1478 1751 1321 1356 1897 1896 1820 1124 1591 1871 1473 1084 1024 1834 1715 1846 1328 1433 1132 1528 1007 1825 1637 1749 1044 1627 1553 BCNSPRNW ULIB Ver.6.0+V

เปลี่ยนเป็นภาษาไทย

Change to English
 แสดงรายละเอียดบรรณานุกรม
  กลับหน้าหลัก

Brief Record : Get Marc (ISO 2709) : E-mail record : QR code < ปิดหน้าต่าง
LEADER : 00000nam 2200000uu 4500
001    13399123004
003     ULIB
008    131128s2555||||th 000 0 tha d
020    ^a9786162142420
090    ^aนว.^bพ656พ ล.3
100    ^aพนมเทียน
245    ^aเพชรพระอุมา : ไพรมหากาฬ ล.3 /^cพนมเทียน
250    พิมพ์ครั้งที่ 6
260    ^aกรุงเทพฯ :^bณ บ้านวรรณกรรม,^c2555
300    ^a258 หน้า
945    ^p225^l0^i034207
999    ^aเกษร โพธิ์สุวรรณ
รายการนี้ยังไม่มีแท็ก
คุณยังไม่ได้ล็อกอิน คุณสามารถมีกิจกรรมร่วมกับเว็บไซต์ได้ แต่ต้องล็อกอินก่อน ::
  ล็อกอิน

รายการสื่อสารสนเทศ

ลำดับที่ ประเภท เลขเรียก/บาร์โค้ด สถานที่ สถานะ
1. นวนิยาย
นวนิยาย
นว. พ656พ ล.3  
  Barcode: 034207
ห้องสมุดวิทยาเขตสวรรค์ประชารักษ์
►นวนิยาย
บนชั้น
  ขอยืม

รายการใกล้เคียง
    ผู้แต่ง [พนมเทียน]

BibComment


ยังไม่เคยถูกคอมเมนท์

คอมเมนท์ทรัพยากรรายการนี้
  คอมเมนท์: เพชรพระอุมา ไพร..


 Copyright 2026. Bcnsprnw @Library